Second Nature - Clairo (Lyrics) - Statistics

General Stats
  • This quiz has been taken 5 times
  • The average score is 89 of 174
Answer Stats
Answer % Correct
a
100%
i
100%
it
100%
it's
100%
nature
100%
second
100%
the
100%
you
100%
and
75%
my
75%
to
75%
when
75%
be
50%
because
50%
close
50%
destroyed
50%
get
50%
in
50%
love
50%
of
50%
too
50%
touch
50%
train
50%
before
25%
ear
25%
enough
25%
her
25%
how
25%
i've
25%
kismet
25%
know
25%
known
25%
like
25%
near
25%
realize
25%
see
25%
soon
25%
thought
25%
well
25%
you'll
25%
you're
25%
aligns
0%
all
0%
cedar
0%
cut
0%
down
0%
forgotten
0%
from
0%
loud
0%
move
0%
noise
0%
once
0%
ought
0%
point
0%
rolling
0%
sap
0%
sinking
0%
tell
0%
through
0%
truth
0%
void
0%
without
0%
No matching quizzes found
Score Distribution
Percent of People with Each Score
Percentile by Number Answered
Your Score History
You have not taken this quiz